| 000 | 00622nac a22001451u 4500 | ||
|---|---|---|---|
| 008 | 090318t xxu||||| |||| 00| 0 eng d | ||
| 082 |
_a330.1 _bغ و د |
||
| 245 |
_aالعقلانية واللاعقلانية في الاقتصاد / _cموريس غودولييه ; ترجمة عصام الخفاجي |
||
| 260 |
_aدمشق : _bوزارة الثقافة, 1995 _cc1995. |
||
| 300 |
_a461 ص; _c24 سم. |
||
| 490 |
_920094 _a ؛ من الفكر الاقتصادي _n22 |
||
| 504 | _aيشتمل على ارجاعات ببليوجرافية | ||
| 650 |
_aالاقتصاد _921899 _xنظريات |
||
| 942 |
_cBB _k330.1 غ و د _2ddc |
||
| 999 |
_c6593 _d6593 |
||